[Event "DSJ Weihnachtsturnier U16: Lasker 2020"]
[Site ""]
[Date "2020.12.28"]
[Round "1"]
[White "Trifan, Andrei Ioan"]
[Black "Doll, Rebecca"]
[Result "1-0"]
[Termination "normal"]
[Board "1.1"]
[WhiteElo "2237"]
[BlackElo "1762"]
[WhiteTeam "OSG Baden-Baden"]
[BlackTeam "OSG Baden-Baden 2"]
[PlyCount "69"]
[WhiteFideId "12967068"]
[BlackFideId "16236890"]
[EventRounds "7"]
[EventType "team-swiss"]
[EventDate "2020.12.28"]

1. e4 {[%emt 0:00:08]} e5 {[%emt 0:00:02]} 2. Nf3 {[%emt 0:00:02]} Nc6 { [%emt
0:00:03]} 3. Bb5 {[%emt 0:00:07]} a6 {[%emt 0:00:04]} 4. Ba4 {[%emt 0:00:03]}
Nf6 {[%emt 0:00:06]} 5. O-O {[%emt 0:00:02]} Nxe4 {[%emt 0:00:09]} 6. d4 {
[%emt 0:00:53]} Be7 {[%emt 0:00:05]} 7. Re1 {[%emt 0:00:37]} b5 {[%emt 0:00:07]
} 8. Bb3 {[%emt 0:00:51]} d5 {[%emt 0:01:00]} 9. dxe5 {[%emt 0:00:03]} Be6 {
[%emt 0:00:04]} 10. a4 {[%emt 0:01:04]} Nc5 {[%emt 0:02:41]} 11. axb5 {[%emt
0:00:49]} Nxb3 {[%emt 0:00:12]} 12. cxb3 {[%emt 0:00:00]} axb5 {[%emt 0:00:03]}
13. Rxa8 {[%emt 0:00:00]} Qxa8 {[%emt 0:00:01]} 14. Nc3 {[%emt 0:00:04]} Na7 {
[%emt 0:00:23]} 15. Nd4 {[%emt 0:01:32]} Bd7 {[%emt 0:01:36]} 16. e6 {[%emt
0:00:25]} fxe6 {[%emt 0:00:10]} 17. Nxe6 {[%emt 0:00:00]} Bxe6 {[%emt 0:00:04]}
18. Rxe6 {[%emt 0:00:03]} c6 {[%emt 0:00:26]} 19. Qh5+ {[%emt 0:01:30]} Kd8 {
[%emt 0:01:20]} 20. Re1 {[%emt 0:00:00]} Qb7 {[%emt 0:00:20]} 21. Qf7 {[%emt
0:00:16]} g6 {[%emt 0:00:51]} 22. Bg5 {[%emt 0:00:52]} Nc8 {[%emt 0:00:02]} 23.
Qg7 {[%emt 0:00:18]} Re8 {[%emt 0:00:11]} 24. Qxh7 {[%emt 0:00:03]} Qd7 { [%emt
0:00:36]} 25. Qxg6 {[%emt 0:00:11]} Nd6 {[%emt 0:00:05]} 26. h4 {[%emt
0:00:13]} b4 {[%emt 0:00:01]} 27. Na4 {[%emt 0:00:21]} Bxg5 {[%emt 0:00:02]}
28. Rxe8+ {[%emt 0:00:08]} Nxe8 {[%emt 0:00:03]} 29. Qxg5+ {[%emt 0:00:03]} Kc7
{ [%emt 0:00:01]} 30. h5 {[%emt 0:00:04]} Qe6 {[%emt 0:00:03]} 31. Qf4+ {[%emt
0:00:10]} Kd7 {[%emt 0:00:05]} 32. h6 {[%emt 0:00:00]} Qe1+ {[%emt 0:00:03]}
33. Kh2 {[%emt 0:00:02]} Qe7 {[%emt 0:00:02]} 34. Nb6+ {[%emt 0:00:08]} Kd8 {
[%emt 0:00:02]} 35. Qb8# {[%emt 0:00:02]} 1-0

[Event "DSJ Weihnachtsturnier U16: Lasker 2020"]
[Site ""]
[Date "2020.12.28"]
[Round "1"]
[White "Schulz, Victor"]
[Black "Schmitt, Daniel"]
[Result "0-1"]
[Termination "normal"]
[Board "1.2"]
[WhiteElo "1510"]
[BlackElo "1966"]
[WhiteTeam "OSG Baden-Baden 2"]
[BlackTeam "OSG Baden-Baden"]
[PlyCount "132"]
[WhiteFideId "36051268"]
[BlackFideId "16279018"]
[EventRounds "7"]
[EventType "team-swiss"]
[EventDate "2020.12.28"]

1. e4 {[%emt 0:00:08]} c5 {[%emt 0:00:02]} 2. b3 {[%emt 0:00:09]} Nf6 {[%emt
0:00:58]} 3. e5 {[%emt 0:00:21]} Nd5 {[%emt 0:00:06]} 4. Bb2 {[%emt 0:00:04]}
Nc6 {[%emt 0:00:09]} 5. Nf3 {[%emt 0:00:05]} e6 {[%emt 0:00:10]} 6. Bb5 {[%emt
0:00:27]} Be7 {[%emt 0:00:09]} 7. Bxc6 {[%emt 0:00:07]} bxc6 {[%emt 0:00:16]}
8. O-O {[%emt 0:00:04]} O-O {[%emt 0:00:04]} 9. c4 {[%emt 0:00:57]} Nf4 {[%emt
0:01:00]} 10. d4 {[%emt 0:00:20]} Ng6 {[%emt 0:00:49]} 11. Nbd2 {[%emt
0:00:21]} cxd4 {[%emt 0:00:19]} 12. Bxd4 {[%emt 0:00:10]} c5 {[%emt 0:00:11]}
13. Bb2 { [%emt 0:00:07]} Bb7 {[%emt 0:00:28]} 14. Qe2 {[%emt 0:00:34]} d6
{[%emt 0:01:21]} 15. exd6 {[%emt 0:00:22]} Bxd6 {[%emt 0:00:00]} 16. Ne4 {[%emt
0:00:03]} Be7 {[%emt 0:00:22]} 17. Qe3 {[%emt 0:00:11]} Qc7 {[%emt 0:00:12]}
18. Neg5 { [%emt 0:00:47]} Qc6 {[%emt 0:00:50]} 19. Rfe1 {[%emt 0:00:27]} Rad8
{[%emt 0:00:21]} 20. Ne4 {[%emt 0:01:27]} Rd7 {[%emt 0:00:25]} 21. Ned2 {[%emt
0:00:12]} Rfd8 {[%emt 0:00:10]} 22. Rad1 {[%emt 0:00:04]} Rd3 {[%emt 0:00:13]}
23. Qe2 { [%emt 0:00:13]} Bg5 {[%emt 0:00:21]} 24. Nf1 {[%emt 0:00:16]} Nf4
{[%emt 0:01:04]} 25. Qc2 {[%emt 0:01:01]} Rxf3 {[%emt 0:00:25]} 26. Rxd8+
{[%emt 0:00:15]} Bxd8 {[%emt 0:00:00]} 27. Qd1 {[%emt 0:00:17]} Rd3 {[%emt
0:00:15]} 28. Qg4 { [%emt 0:00:03]} Qxg2+ {[%emt 0:00:06]} 29. Qxg2 {[%emt
0:00:03]} Bxg2 {[%emt 0:00:03]} 30. Ne3 {[%emt 0:00:03]} Bb7 {[%emt 0:00:01]}
31. Rd1 {[%emt 0:00:03]} Rxd1+ {[%emt 0:00:01]} 32. Nxd1 {[%emt 0:00:03]} Nd3
{[%emt 0:00:01]} 33. Bc3 { [%emt 0:00:04]} Bc7 {[%emt 0:00:01]} 34. Ne3 {[%emt
0:00:04]} Be5 {[%emt 0:00:01]} 35. Bxe5 {[%emt 0:00:03]} Nxe5 {[%emt 0:00:00]}
36. Kf1 {[%emt 0:00:01]} Kf8 {[%emt 0:00:01]} 37. Ke2 {[%emt 0:00:02]} Ke7
{[%emt 0:00:00]} 38. f4 { [%emt 0:00:02]} Nd7 {[%emt 0:00:01]} 39. Kd3 {[%emt
0:00:05]} Nb8 {[%emt 0:00:01]} 40. h4 {[%emt 0:00:02]} f6 {[%emt 0:00:01]} 41.
f5 {[%emt 0:00:04]} e5 { [%emt 0:00:04]} 42. a3 {[%emt 0:00:06]} Nd7 {[%emt
0:00:02]} 43. b4 {[%emt 0:00:03]} g6 {[%emt 0:00:02]} 44. fxg6 {[%emt 0:00:04]}
hxg6 {[%emt 0:00:00]} 45. b5 {[%emt 0:00:07]} f5 {[%emt 0:00:03]} 46. a4 {[%emt
0:00:03]} Nf6 {[%emt 0:00:03]} 47. a5 {[%emt 0:00:04]} Kd6 {[%emt 0:00:01]} 48.
a6 {[%emt 0:00:04]} Ba8 {[%emt 0:00:02]} 49. Ng2 {[%emt 0:00:06]} f4 {[%emt
0:00:02]} 50. Ne1 { [%emt 0:00:04]} e4+ {[%emt 0:00:02]} 51. Ke2 {[%emt
0:00:03]} Ke5 {[%emt 0:00:02]} 52. Nc2 {[%emt 0:00:04]} Nd7 {[%emt 0:00:01]}
53. Ne1 {[%emt 0:00:04]} Nb6 {[%emt 0:00:01]} 54. Nc2 {[%emt 0:00:04]} Nxc4
{[%emt 0:00:01]} 55. Ne1 { [%emt 0:00:03]} Nd6 {[%emt 0:00:02]} 56. Nc2 {[%emt
0:00:03]} Nxb5 {[%emt 0:00:02]} 57. h5 {[%emt 0:00:04]} gxh5 {[%emt 0:00:01]}
58. Kf2 {[%emt 0:00:02]} Nd4 {[%emt 0:00:02]} 59. Nxd4 {[%emt 0:00:03]} cxd4
{[%emt 0:00:00]} 60. Ke2 { [%emt 0:00:02]} Kd5 {[%emt 0:00:01]} 61. Kd2 {[%emt
0:00:01]} Kc5 {[%emt 0:00:00]} 62. Ke2 {[%emt 0:00:02]} Kb5 {[%emt 0:00:00]}
63. Kd2 {[%emt 0:00:02]} Kxa6 {[%emt 0:00:00]} 64. Ke2 {[%emt 0:00:04]} Kb5
{[%emt 0:00:00]} 65. Kd2 { [%emt 0:00:02]} Kc5 {[%emt 0:00:00]} 66. Ke2 {[%emt
0:00:02]} d3+ {[%emt 0:00:02]} 0-1

[Event "DSJ Weihnachtsturnier U16: Lasker 2020"]
[Site ""]
[Date "2020.12.28"]
[Round "1"]
[White "Wu, Luka"]
[Black "Neves, Carlos"]
[Result "1-0"]
[Termination "time forfeit"]
[Board "1.3"]
[WhiteElo "2065"]
[BlackElo "1457"]
[WhiteTeam "OSG Baden-Baden"]
[BlackTeam "OSG Baden-Baden 2"]
[PlyCount "53"]
[WhiteFideId "12977420"]
[BlackFideId "16258320"]
[EventRounds "7"]
[EventType "team-swiss"]
[EventDate "2020.12.28"]

1. e4 {[%emt 0:00:11]} c5 {[%emt 0:00:04]} 2. Nf3 {[%emt 0:00:16]} Nc6 { [%emt
0:00:03]} 3. d4 {[%emt 0:00:02]} cxd4 {[%emt 0:00:03]} 4. Nxd4 {[%emt 0:00:01]}
g6 {[%emt 0:00:16]} 5. c4 {[%emt 0:00:05]} Bg7 {[%emt 0:00:09]} 6. Be3 {[%emt
0:00:03]} Nf6 {[%emt 0:00:05]} 7. Nc3 {[%emt 0:00:06]} O-O {[%emt 0:00:03]} 8.
Be2 {[%emt 0:00:02]} d6 {[%emt 0:00:11]} 9. O-O {[%emt 0:00:04]} Nxd4 { [%emt
0:02:22]} 10. Bxd4 {[%emt 0:00:14]} Be6 {[%emt 0:00:03]} 11. Rc1 { [%emt
0:01:09]} b6 {[%emt 0:00:30]} 12. Qd3 {[%emt 0:00:48]} Rc8 {[%emt 0:00:19]} 13.
b3 {[%emt 0:00:07]} Nd7 {[%emt 0:00:37]} 14. Bxg7 {[%emt 0:00:21]} Kxg7 {[%emt
0:00:02]} 15. f4 {[%emt 0:00:09]} f5 {[%emt 0:01:21]} 16. Nb5 { [%emt 0:01:16]}
fxe4 {[%emt 0:02:06]} 17. Qxe4 {[%emt 0:00:28]} Nc5 {[%emt 0:00:34]} 18. Qd4+
{[%emt 0:00:10]} Kg8 {[%emt 0:00:07]} 19. b4 {[%emt 0:00:29]} Nd7 {[%emt
0:00:49]} 20. Nxa7 {[%emt 0:00:03]} Ra8 {[%emt 0:00:02]} 21. Nc6 { [%emt
0:00:02]} Qe8 {[%emt 0:00:11]} 22. Bf3 {[%emt 0:00:12]} Rxa2 {[%emt 0:00:10]}
23. Rce1 {[%emt 0:00:02]} Nf6 {[%emt 0:00:07]} 24. Rxe6 {[%emt 0:00:06]} Ra3
{[%emt 0:00:18]} 25. Nxe7+ {[%emt 0:00:13]} Kg7 {[%emt 0:00:12]} 26. Nf5+ {
[%emt 0:00:01]} Kg8 {[%emt 0:00:05]} 27. Rxe8 {[%emt 0:00:07] TimeB} 1-0

[Event "DSJ Weihnachtsturnier U16: Lasker 2020"]
[Site ""]
[Date "2020.12.28"]
[Round "1"]
[White "Stankovic, David"]
[Black "Wu, Leon"]
[Result "0-1"]
[Termination "normal"]
[Board "1.4"]
[WhiteElo "1314"]
[BlackElo "1981"]
[WhiteTeam "OSG Baden-Baden 2"]
[BlackTeam "OSG Baden-Baden"]
[PlyCount "92"]
[WhiteFideId "16240685"]
[BlackFideId "12977438"]
[EventRounds "7"]
[EventType "team-swiss"]
[EventDate "2020.12.28"]

1. e4 {[%emt 0:00:08]} c5 {[%emt 0:00:21]} 2. Nf3 {[%emt 0:00:09]} d6 {[%emt
0:00:01]} 3. d4 {[%emt 0:00:26]} cxd4 {[%emt 0:00:06]} 4. Qxd4 {[%emt 0:00:04]}
Bd7 {[%emt 0:00:28]} 5. Nc3 {[%emt 0:01:02]} Nc6 { [%emt 0:00:02]} 6. Qd1
{[%emt 0:00:04]} Nf6 {[%emt 0:00:42]} 7. Bd3 {[%emt 0:00:03]} g6 {[%emt
0:00:40]} 8. Bg5 {[%emt 0:00:16]} Bg7 {[%emt 0:00:03]} 9. Qe2 {[%emt 0:00:11]}
a6 {[%emt 0:00:29]} 10. e5 {[%emt 0:00:04]} dxe5 {[%emt 0:00:45]} 11. Nxe5
{[%emt 0:00:04]} Nxe5 {[%emt 0:00:10]} 12. Qxe5 {[%emt 0:00:03]} O-O {[%emt
0:00:03]} 13. Qg3 {[%emt 0:00:07]} Qb6 {[%emt 0:00:40]} 14. O-O-O { [%emt
0:00:08]} Be6 {[%emt 0:00:12]} 15. Be3 {[%emt 0:00:10]} Qa5 {[%emt 0:00:08]}
16. f4 {[%emt 0:00:26]} Rfc8 {[%emt 0:01:00]} 17. Bd2 {[%emt 0:00:56]} Qc5
{[%emt 0:00:49]} 18. Rhe1 {[%emt 0:00:25]} Nd5 {[%emt 0:00:37]} 19. Ne4 { [%emt
0:00:47]} Qb6 {[%emt 0:00:13]} 20. c3 {[%emt 0:00:18]} Nb4 {[%emt 0:00:19]} 21.
Be3 {[%emt 0:00:36]} Nxa2+ {[%emt 0:00:12]} 22. Kd2 {[%emt 0:00:22]} Qxb2+
{[%emt 0:00:02]} 23. Bc2 {[%emt 0:00:03]} Nxc3 {[%emt 0:00:16]} 24. Nxc3 {[%emt
0:00:16]} Qxc3+ {[%emt 0:00:00]} 25. Ke2 {[%emt 0:00:02]} Qxc2+ { [%emt
0:00:02]} 26. Rd2 {[%emt 0:00:02]} Bc4+ {[%emt 0:00:01]} 27. Kf2 { [%emt
0:00:03]} Qb3 {[%emt 0:00:05]} 28. Red1 {[%emt 0:00:03]} Be6 {[%emt 0:00:05]}
29. Rd3 {[%emt 0:00:05]} Rc2+ {[%emt 0:00:03]} 30. Bd2 {[%emt 0:00:15]} Qb6+
{[%emt 0:00:09]} 31. Kf1 {[%emt 0:00:06]} Bc4 {[%emt 0:00:02]} 32. Be3 { [%emt
0:00:06]} Bxd3+ {[%emt 0:00:02]} 33. Rxd3 {[%emt 0:00:02]} Qb1+ {[%emt
0:00:01]} 34. Qe1 {[%emt 0:00:04]} Qxe1+ {[%emt 0:00:01]} 35. Kxe1 {[%emt
0:00:03]} Rc3 {[%emt 0:00:01]} 36. Rxc3 {[%emt 0:00:03]} Bxc3+ {[%emt 0:00:00]}
37. Kd1 {[%emt 0:00:01]} b5 {[%emt 0:00:01]} 38. Bc1 {[%emt 0:00:01]} b4 {[%emt
0:00:00]} 39. Ba3 {[%emt 0:00:02]} a5 {[%emt 0:00:00]} 40. Bc1 {[%emt 0:00:02]}
a4 {[%emt 0:00:01]} 41. Kc2 {[%emt 0:00:01]} a3 {[%emt 0:00:01]} 42. Kb1 {
[%emt 0:00:00]} a2+ {[%emt 0:00:02]} 43. Kc2 {[%emt 0:00:02]} a1=Q {[%emt
0:00:00]} 44. Ba3 {[%emt 0:00:01]} Rxa3 {[%emt 0:00:02]} 45. g4 {[%emt
0:00:03]} Qb2+ {[%emt 0:00:01]} 46. Kd1 {[%emt 0:00:04]} Qd2# {[%emt 0:00:00]}
0-1

[Event "DSJ Weihnachtsturnier U16: Lasker 2020"]
[Site ""]
[Date "2020.12.28"]
[Round "1"]
[White "Hoffmann, Kay"]
[Black "Weihrauch, Jakob"]
[Result "1-0"]
[Termination "normal"]
[Board "2.1"]
[WhiteElo "1583"]
[BlackElo "2146"]
[WhiteTeam "Barnimer Schachfreunde im SV Stahl Finow"]
[BlackTeam "Hamburger SK von 1830"]
[PlyCount "47"]
[WhiteFideId "16227000"]
[BlackFideId "16210115"]
[EventRounds "7"]
[EventType "team-swiss"]
[EventDate "2020.12.28"]

1. f4 {[%emt 0:00:21]} Nh6 {[%emt 0:00:16]} 2. Nf3 {[%emt 0:00:10]} d5 { [%emt
0:00:03]} 3. e3 {[%emt 0:00:04]} c5 {[%emt 0:00:06]} 4. b3 {[%emt 0:00:06]} e6
{[%emt 0:00:08]} 5. Bb2 {[%emt 0:00:04]} Nf5 {[%emt 0:00:01]} 6. Bb5+ { [%emt
0:00:08]} Bd7 {[%emt 0:00:03]} 7. Bxd7+ {[%emt 0:00:04]} Nxd7 {[%emt 0:00:00]}
8. O-O {[%emt 0:00:09]} Be7 {[%emt 0:00:10]} 9. Na3 {[%emt 0:00:04]} Bf6 {[%emt
0:00:09]} 10. Ne5 {[%emt 0:00:06]} h5 {[%emt 0:00:43]} 11. c4 { [%emt 0:00:11]}
h4 {[%emt 0:00:51]} 12. cxd5 {[%emt 0:00:08]} exd5 {[%emt 0:00:00]} 13. Qg4
{[%emt 0:00:24]} g6 {[%emt 0:00:54]} 14. Qf3 {[%emt 0:01:00]} Nxe5 {[%emt
0:00:11]} 15. fxe5 {[%emt 0:00:10]} Bg7 {[%emt 0:00:03]} 16. Nb5 { [%emt
0:00:36]} O-O {[%emt 0:00:35]} 17. d4 {[%emt 0:00:41]} a6 {[%emt 0:00:16] } 18.
Nd6 {[%emt 0:00:30]} Bxe5 {[%emt 0:00:06]} 19. Nxf5 {[%emt 0:00:16]} Bxh2+
{[%emt 0:00:50]} 20. Kxh2 {[%emt 0:00:12]} gxf5 {[%emt 0:00:01]} 21. Qxf5
{[%emt 0:00:10]} Qd6+ {[%emt 0:00:12]} 22. Rf4 {[%emt 0:00:48]} Qh6 {[%emt
0:00:58]} 23. Rg4+ {[%emt 0:00:21]} Kh8 {[%emt 0:00:03]} 24. dxc5+ {[%emt
0:00:05]} 1-0

[Event "DSJ Weihnachtsturnier U16: Lasker 2020"]
[Site ""]
[Date "2020.12.28"]
[Round "1"]
[White "Garner, Isaac"]
[Black "Beyer, Clemens"]
[Result "1-0"]
[Termination "normal"]
[Board "2.2"]
[WhiteElo "2095"]
[BlackElo "1658"]
[WhiteTeam "Hamburger SK von 1830"]
[BlackTeam "Barnimer Schachfreunde im SV Stahl Finow"]
[PlyCount "39"]
[WhiteFideId "16239261"]
[BlackFideId "16245407"]
[EventRounds "7"]
[EventType "team-swiss"]
[EventDate "2020.12.28"]

1. e4 {[%emt 0:00:10]} c6 {[%emt 0:00:02]} 2. Nc3 {[%emt 0:00:02]} d5 {[%emt
0:00:01]} 3. Nf3 {[%emt 0:00:01]} dxe4 {[%emt 0:00:03]} 4. Nxe4 {[%emt
0:00:00]} Nf6 {[%emt 0:00:01]} 5. Qe2 {[%emt 0:00:01]} Bf5 {[%emt 0:00:14]} 6.
Nxf6+ { [%emt 0:00:03]} gxf6 {[%emt 0:00:00]} 7. d4 {[%emt 0:00:06]} e6 {[%emt
0:00:10] } 8. g3 {[%emt 0:00:12]} Nd7 {[%emt 0:00:06]} 9. Bg2 {[%emt 0:00:04]}
Be7 { [%emt 0:00:00]} 10. O-O {[%emt 0:00:23]} Qc7 {[%emt 0:01:09]} 11. c4
{[%emt 0:01:06]} h5 {[%emt 0:00:40]} 12. Nh4 {[%emt 0:00:17]} Bg6 {[%emt
0:00:32]} 13. Nxg6 {[%emt 0:00:06]} fxg6 {[%emt 0:00:03]} 14. Qxe6 {[%emt
0:00:01]} g5 { [%emt 0:00:45]} 15. Re1 {[%emt 0:00:09]} Rh7 {[%emt 0:00:52]}
16. Qg8+ { [%emt 0:01:12]} Nf8 {[%emt 0:00:05]} 17. Be4 {[%emt 0:00:02]} Rh6
{[%emt 0:00:44]} 18. Qg7 {[%emt 0:00:21]} Bd6 {[%emt 0:01:20]} 19. Bg6+ {[%emt
0:00:12]} Kd8 {[%emt 0:00:05]} 20. Re8# {[%emt 0:00:03]} 1-0

[Event "DSJ Weihnachtsturnier U16: Lasker 2020"]
[Site ""]
[Date "2020.12.28"]
[Round "1"]
[White "Beyer, Lorenz"]
[Black "von Krosigk, Florian"]
[Result "1/2-1/2"]
[Termination "normal"]
[Board "2.3"]
[WhiteElo "1362"]
[BlackElo "1941"]
[WhiteTeam "Barnimer Schachfreunde im SV Stahl Finow"]
[BlackTeam "Hamburger SK von 1830"]
[PlyCount "67"]
[WhiteFideId "16245393"]
[BlackFideId "16227808"]
[EventRounds "7"]
[EventType "team-swiss"]
[EventDate "2020.12.28"]

1. d4 {[%emt 0:00:17]} Nf6 {[%emt 0:00:10]} 2. Nf3 {[%emt 0:00:02]} e6 { [%emt
0:00:32]} 3. Bf4 {[%emt 0:00:04]} d5 {[%emt 0:00:11]} 4. e3 {[%emt 0:00:02]}
Bd6 {[%emt 0:00:22]} 5. Nbd2 {[%emt 0:00:05]} c5 {[%emt 0:00:58]} 6. Bxd6
{[%emt 0:00:06]} Qxd6 {[%emt 0:00:04]} 7. c3 {[%emt 0:00:02]} Nc6 {[%emt
0:00:06]} 8. Bd3 {[%emt 0:00:02]} O-O {[%emt 0:00:13]} 9. O-O {[%emt 0:00:02]}
b6 { [%emt 0:00:07]} 10. Qe2 {[%emt 0:00:04]} e5 {[%emt 0:01:17]} 11. dxe5
{[%emt 0:00:03]} Nxe5 {[%emt 0:00:00]} 12. Nxe5 {[%emt 0:00:02]} Qxe5 {[%emt
0:00:01]} 13. Nf3 {[%emt 0:00:02]} Qe7 {[%emt 0:00:03]} 14. Rad1 {[%emt
0:00:06]} Bb7 { [%emt 0:00:03]} 15. Ba6 {[%emt 0:00:13]} Rfe8 {[%emt 0:00:31]}
16. Bxb7 { [%emt 0:00:04]} Qxb7 {[%emt 0:00:00]} 17. Qc2 {[%emt 0:00:06]} Qc6
{[%emt 0:00:17]} 18. Rd2 {[%emt 0:00:17]} Rad8 {[%emt 0:00:07]} 19. Rfd1 {[%emt
0:00:05]} Rd6 {[%emt 0:01:25]} 20. c4 {[%emt 0:00:05]} Red8 {[%emt 0:00:07]}
21. cxd5 { [%emt 0:00:04]} Rxd5 {[%emt 0:00:00]} 22. Rxd5 {[%emt 0:00:04]} Rxd5
{[%emt 0:00:01]} 23. h3 {[%emt 0:00:11]} Qd7 {[%emt 0:00:11]} 24. Rxd5 {[%emt
0:00:22]} Qxd5 {[%emt 0:00:00]} 25. Qa4 {[%emt 0:00:03]} Qd7 {[%emt 0:00:21]}
26. Qf4 { [%emt 0:00:12]} h6 {[%emt 0:00:15]} 27. Ne5 {[%emt 0:01:06]} Qd5
{[%emt 0:00:04]} 28. Nc4 {[%emt 0:00:31]} Kh7 {[%emt 0:01:08]} 29. b3 {[%emt
0:00:54]} Qe4 {[%emt 0:01:17]} 30. Qe5 {[%emt 0:01:16]} Kg6 {[%emt 0:00:33]}
31. Qg3+ { [%emt 0:00:12]} Kh7 {[%emt 0:00:01]} 32. Qe5 {[%emt 0:00:02]} Kg6
{[%emt 0:00:03]} 33. Qg3+ {[%emt 0:00:02]} Kh7 {[%emt 0:00:01]} 34. Qe5 {[%emt
0:00:02]} 1/2-1/2

[Event "DSJ Weihnachtsturnier U16: Lasker 2020"]
[Site ""]
[Date "2020.12.28"]
[Round "1"]
[White "Huo, Da"]
[Black "Studzinski, Bruno"]
[Result "1-0"]
[Termination "normal"]
[Board "2.4"]
[WhiteElo "1918"]
[BlackElo "1437"]
[WhiteTeam "Hamburger SK von 1830"]
[BlackTeam "Barnimer Schachfreunde im SV Stahl Finow"]
[PlyCount "129"]
[WhiteFideId "16221206"]
[BlackFideId "16296478"]
[EventRounds "7"]
[EventType "team-swiss"]
[EventDate "2020.12.28"]

1. e4 {[%emt 0:00:04]} d5 {[%emt 0:00:04]} 2. exd5 {[%emt 0:00:02]} Qxd5 {
[%emt 0:00:03]} 3. Nc3 {[%emt 0:00:04]} Qd8 {[%emt 0:00:02]} 4. Nf3 {[%emt
0:00:03]} Nf6 {[%emt 0:00:03]} 5. d4 {[%emt 0:00:03]} Bf5 {[%emt 0:00:02]} 6.
Bd3 {[%emt 0:00:02]} Bg4 {[%emt 0:00:02]} 7. Be2 {[%emt 0:00:04]} Bf5 {[%emt
0:00:03]} 8. Ne5 {[%emt 0:00:28]} e6 {[%emt 0:00:17]} 9. O-O {[%emt 0:00:05]}
Be7 { [%emt 0:00:07]} 10. Be3 {[%emt 0:01:07]} O-O {[%emt 0:00:05]} 11. Bd3
{[%emt 0:00:07]} Bxd3 {[%emt 0:00:26]} 12. Qxd3 {[%emt 0:00:03]} c6 {[%emt
0:00:16]} 13. Ne2 {[%emt 0:00:46]} Nbd7 {[%emt 0:00:05]} 14. Nxd7 {[%emt
0:00:02]} Qxd7 { [%emt 0:00:04]} 15. Qb3 {[%emt 0:00:06]} Nd5 {[%emt 0:00:05]}
16. Nf4 {[%emt 0:00:10]} Nxe3 {[%emt 0:01:13]} 17. fxe3 {[%emt 0:00:25]} Rfd8
{[%emt 0:00:25]} 18. Nd3 {[%emt 0:00:03]} Rab8 {[%emt 0:00:15]} 19. Ne5 {[%emt
0:00:22]} Qd5 { [%emt 0:00:24]} 20. Qxd5 {[%emt 0:00:03]} exd5 {[%emt 0:00:06]}
21. Nxf7 { [%emt 0:00:02]} Bf6 {[%emt 0:00:52]} 22. Nxd8 {[%emt 0:00:03]} Rxd8
{[%emt 0:00:06]} 23. Rf3 {[%emt 0:00:02]} Re8 {[%emt 0:00:05]} 24. Raf1 {[%emt
0:00:00]} b6 {[%emt 0:00:12]} 25. Kf2 {[%emt 0:00:03]} h6 {[%emt 0:00:12]} 26.
c3 { [%emt 0:00:04]} c5 {[%emt 0:00:05]} 27. dxc5 {[%emt 0:00:16]} bxc5 {[%emt
0:00:02]} 28. Ke2 {[%emt 0:00:17]} d4 {[%emt 0:00:04]} 29. Kd3 {[%emt 0:00:11]}
dxc3 {[%emt 0:00:53]} 30. bxc3 {[%emt 0:00:04]} Rd8+ {[%emt 0:00:10]} 31. Kc2 {
[%emt 0:00:03]} Be5 {[%emt 0:00:33]} 32. h3 {[%emt 0:00:05]} Bf6 {[%emt
0:00:03]} 33. Rxf6 {[%emt 0:00:07]} gxf6 {[%emt 0:00:02]} 34. Rxf6 {[%emt
0:00:00]} Kg7 {[%emt 0:00:05]} 35. Rc6 {[%emt 0:00:03]} Rd5 {[%emt 0:00:04]}
36. Rc7+ { [%emt 0:00:01]} Kf6 {[%emt 0:00:02]} 37. Rxa7 {[%emt 0:00:01]} Kf5
{[%emt 0:00:02]} 38. Rh7 {[%emt 0:00:24]} Kg6 {[%emt 0:00:04]} 39. Re7 {[%emt
0:00:04]} Rg5 {[%emt 0:00:04]} 40. g4 {[%emt 0:00:03]} Rd5 {[%emt 0:00:08]} 41.
a4 {[%emt 0:00:08]} Kf6 {[%emt 0:00:10]} 42. Re4 {[%emt 0:00:09]} Kg5 {[%emt
0:00:09]} 43. c4 {[%emt 0:00:07]} Rd6 {[%emt 0:00:10]} 44. Re5+ {[%emt
0:00:01]} Kh4 { [%emt 0:00:02]} 45. Rh5+ {[%emt 0:00:02]} Kg3 {[%emt 0:00:02]}
46. g5 {[%emt 0:00:03]} hxg5 {[%emt 0:00:06]} 47. Rxg5+ {[%emt 0:00:01]} Kxh3
{[%emt 0:00:03]} 48. Rxc5 {[%emt 0:00:01]} Re6 {[%emt 0:00:05]} 49. Kd3 {[%emt
0:00:02]} Kg3 { [%emt 0:00:01]} 50. a5 {[%emt 0:00:02]} Kf3 {[%emt 0:00:02]}
51. e4 {[%emt 0:00:05]} Rxe4 {[%emt 0:00:07]} 52. Rf5+ {[%emt 0:00:02]} Rf4
{[%emt 0:00:02]} 53. Rxf4+ {[%emt 0:00:04]} Kxf4 {[%emt 0:00:01]} 54. a6 {[%emt
0:00:02]} Ke5 { [%emt 0:00:01]} 55. a7 {[%emt 0:00:01]} Kd6 {[%emt 0:00:01]}
56. a8=Q {[%emt 0:00:01]} Ke5 {[%emt 0:00:02]} 57. Qd5+ {[%emt 0:00:02]} Kf4
{[%emt 0:00:03]} 58. Qe6 {[%emt 0:00:03]} Kf3 {[%emt 0:00:03]} 59. c5 {[%emt
0:00:00]} Kf4 {[%emt 0:00:04]} 60. c6 {[%emt 0:00:00]} Kf3 {[%emt 0:00:01]} 61.
c7 {[%emt 0:00:00]} Kf4 {[%emt 0:00:01]} 62. c8=Q {[%emt 0:00:00]} Kf3 {[%emt
0:00:01]} 63. Qf8+ { [%emt 0:00:00]} Kg3 {[%emt 0:00:02]} 64. Qg6+ {[%emt
0:00:01]} Kh4 {[%emt 0:00:02]} 65. Qfh6# {[%emt 0:00:03]} 1-0